Normal view
MARC view
Entry Personal Name
001 - CONTROL NUMBER
- control field: 1238281
003 - CONTROL NUMBER IDENTIFIER
- control field: OSt
005 - DATE AND TIME OF LATEST TRANSACTION
- control field: 20260430150720.0
008 - FIXED-LENGTH DATA ELEMENTS
- fixed length control field: 260430|| aca||aabn | a|a d
040 ## - CATALOGING SOURCE
- Original cataloging agency: OSt
- Transcribing agency: OSt
100 ## - HEADING--PERSONAL NAME
- Personal name: Modeel Sonakshi Au.; Negi Ram Krishan Gu
670 ## - SOURCE DATA FOUND
- Source citation: Work cat.: (OSt)1850452: Modeel Sonakshi Au.; Negi Ram Krishan Gu., DNA Barcoding of Fishes of River Beas (India) and Integration of Molecular Data to Resolve Taxonomical Ambiguities among Inter and Intra-specific Levels, 2024
